00950nam a2200253 a 450000100060000000300080000600500170001400800410003103500190007204000270009104100080011808200240012610000290015024500780017925000260025726000340028330000290031750000200034665000250036694200120039199900170040395201390042095201370055968203BD-RjUL20211209081737.0170330s1965 enka 001 0 eng d a(BD-RjUL)68413 aCSJcCSJdBD-RjULbeng aeng 223a551.5bGAM 19651 aGates, Ernest S.920218710aMeteorology and climatology for sixth forms and beyond /cErnest S. Gates a3d ed., rev. and enl. aLondon :bG.G. Harrap,c1965. a225 p. :bill. ;c24 cm. aIncludes Index. 0aMeteorology.9202188 2ddccBK c68203d68203 00102ddc40718NFICaRUCLbRUCLcReadingd2021-12-09eZeithengerg17.60l0o551.5 GAM 1965r2017-03-30 00:00:00tC-1w2017-03-30yBK 00102ddc40708NFICaRUCLbRUCLcStackd1966-03-21eZeitlingerg17.60l0o551.5 GAM 1965r2019-01-22 00:00:00tC-2w2019-01-22yBK